| 000 | 00708cam a22002537a 4500 | ||
|---|---|---|---|
| 003 | CHAP | ||
| 005 | 20220329135438.0 | ||
| 008 | 971013s r 00010 d | ||
| 010 | _a36621 | ||
| 011 | _a37593 | ||
| 035 | _a41713 | ||
| 040 | _cCHAP | ||
| 090 | _aFolleto 1057 | ||
| 110 |
_aMéxico. Dirección General de Avicultura y Otras Especies Menores _976961 |
||
| 245 | 1 | 3 | _aLa miel |
| 260 |
_aMéxico, D.F. : _bLa Dirección, _c(s.a.) |
||
| 300 | _a5 h | ||
| 590 |
_aBATCH-UPD _b10 _c20130110 _lUCH01 _h1046 |
||
| 590 |
_aCONVERSION _b10 _c20130109 _lUCH01 _h1320 |
||
| 650 | 1 | 4 |
_aMiel de abejas. _975562 |
| 901 | _aBK | ||
| 942 | _cFOLL | ||
| 949 |
_aFolleto 1057 _bBC _cFOLL _d-95892 _eTS1 _i41713 _si |
||
| 999 |
_c36621 _d36621 |
||